[Event "Sarajevo Bosnia-A 37th"]
[Site "Sarajevo"]
[Date "2007.05.22"]
[Round "4"]
[White "Morozevich, Alexander"]
[Black "Movsesian, Sergei"]
[Result "0-1"]
[WhiteElo "2762"]
[BlackElo "2642"]
[Annotator "Movsesian,S"]
[PlyCount "62"]
[EventDate "2007.05.19"]
[EventType "tourn"]
[EventRounds "10"]
[EventCountry "BIH"]
[EventCategory "17"]
[SourceTitle "CBM 118"]
[Source "ChessBase"]
[SourceDate "2007.05.31"]
[SourceVersion "1"]
[SourceVersionDate "2007.05.31"]
[SourceQuality "1"]

1. d4 Nf6 2. c4 e6 3. Nf3 d5 4. Nc3 Bb4 5. cxd5 exd5 6. Bg5 O-O 7. e3 c5 8.
dxc5 Nbd7 9. Rc1 Nxc5 $5 (9... Qa5) 10. Bd3 (10. Qd4 Bxc3+ 11. Qxc3 Nce4 12.
Bxf6 Nxf6 13. Bd3 Bg4 14. O-O Rc8 15. Qd4 Bxf3 16. gxf3 Qb6 $11 {
Shulman-Zvjagintsev, Khanty-Mansiysk (WCup) 2005}) 10... Bg4 $5 {Leads to a
very interesting position with two knights agaist two bishops.} (10... h6 {
looks as a playable option as well:} 11. Bxf6 (11. Bh4 g5 12. Bg3 Bxc3+ 13.
bxc3 (13. Rxc3 Nfe4 14. Bxe4 Nxe4 15. Ra3 Qb6 $36) 13... Nfe4 $11) 11... Qxf6
12. O-O Be6 $11) 11. O-O Bxf3 12. gxf3 Bxc3 13. Rxc3 Ne6 14. Bh4 d4 15. Rc4 b5
16. Rc2 (16. Rc1 {wouldn't change much:} dxe3 17. fxe3 Qb6 18. Bxf6 Qxe3+ 19.
Kh1 gxf6 $13) 16... dxe3 17. fxe3 Qb6 18. Bxf6 (18. Bf2 Rad8 19. Qe2 Rfe8 {
and the black pieces seem to be much better placed.}) 18... Qxe3+ 19. Kh1 gxf6
20. Re2 Qh6 21. Bxb5 Kh8 22. Bc4 Rad8 23. Qc1 Qh3 {It is somewhat easier to
play this position with Black. White has to be careful, but shouldn't be worse.
} 24. Ref2 Rg8 25. Qe3 $4 {A huge blunder, which loses the game on the spot.} (
25. Qc3 Qh4 26. Bxe6 fxe6 $11) 25... Ng7 $1 {Not a very logical move, but who
would care about logic, if it wins immediately!} 26. Rg1 (26. Bxf7 Nf5 $19) (
26. Qc3 Nh5 $19) 26... Nf5 27. Qe1 Rxg1+ 28. Kxg1 {Allowing Black to win
nicely.} (28. Qxg1 Rg8 29. Rg2 Rxg2 30. Qxg2 Qxg2+ 31. Kxg2 Ne3+ $19) 28...
Rg8+ 29. Kh1 Ng3+ 30. Kg1 Nf1+ 31. Kh1 Nxh2 0-1

[Event "WchT 6th"]
[Site "Beersheba"]
[Date "2005.11.05"]
[Round "5.1"]
[White "Bu, Xiangzhi"]
[Black "Jobava, Baadur"]
[Result "1-0"]
[WhiteElo "2637"]
[BlackElo "2601"]
[Annotator "Mueller,Karsten"]
[PlyCount "113"]
[EventDate "2005.11.01"]
[EventType "team-tourn"]
[EventRounds "9"]
[EventCountry "ISR"]
[SourceTitle "CBM 110"]
[Source "ChessBase"]
[SourceDate "2006.01.31"]
[SourceVersion "1"]
[SourceVersionDate "2006.01.31"]
[SourceQuality "1"]
[WhiteTeam "China"]
[BlackTeam "Georgia"]
[WhiteTeamCountry "CHN"]
[BlackTeamCountry "GEO"]

1. Nf3 d5 2. d4 Nf6 3. c4 e6 4. Nc3 Bb4 5. Bg5 c5 6. e3 O-O 7. cxd5 exd5 8.
dxc5 Nbd7 9. Bd3 Qa5 10. O-O Bxc3 11. bxc3 Ne4 12. Qc2 Nxg5 13. Nxg5 h6 14. Nf3
Nxc5 15. Nd4 Bd7 16. Rfd1 Rac8 17. Bf5 Rfd8 18. Rac1 Na4 19. Rd3 Nb6 20. e4
dxe4 21. Bxe4 Rc7 22. Nf5 Qe5 23. Re1 Qf6 24. Nd6 Ba4 25. Qd2 Qg5 26. f4 Qc5+
27. Kh1 Rdd7 28. h3 Nc4 29. Nxc4 Qxc4 30. Bd5 Qa6 31. Rd4 Rc8 32. Re5 Rdc7 33.
Be4 Be8 34. Bf5 Rb8 35. Kh2 f6 36. Rd8 fxe5 37. Rxb8 Re7 38. Qd5+ Kf8 39. fxe5
Qf1 40. Qe4 Qb5 41. e6 Qf1 42. Qe5 Qc4 43. Qd6 Qc6 44. Qxc6 bxc6 45. Kg3 g5 46.
Bg6 $5 {Gute Technik! Weiß wickelt in ein leicht gewonnenes Bauernendspiel ab:}
Rxe6 47. Rxe8+ Rxe8 48. Bxe8 Kxe8 49. Kg4 $1 Kf8 50. Kf5 Kf7 51. c4 Ke7 52. c5
Kf7 53. Ke5 Ke7 {und Weiß gewinnt das Oppositionsduell aufgrund seiner
zahlreichen Reservetempi:} 54. a4 (54. g4 $18) 54... h5 (54... a5 55. g4 $18)
55. a5 g4 56. h4 g3 57. a6 (57. a6 Kd7 58. Kf6 Kd8 59. Kg5 $18) 1-0

[Event "Boskovic Memorial"]
[Site "Bijelo Polje"]
[Date "2005.10.05"]
[Round "4"]
[White "Rmus, Anto"]
[Black "Delchev, Aleksander"]
[Result "0-1"]
[WhiteElo "2398"]
[BlackElo "2669"]
[Annotator "Mueller,Karsten"]
[PlyCount "136"]
[EventDate "2005.10.02"]
[EventType "tourn"]
[EventRounds "9"]
[EventCountry "YUG"]
[EventCategory "10"]
[SourceTitle "CBM 110"]
[Source "ChessBase"]
[SourceDate "2006.01.31"]
[SourceVersion "1"]
[SourceVersionDate "2006.01.31"]
[SourceQuality "1"]

1. Nf3 d5 2. d4 Nf6 3. c4 e6 4. Nc3 Bb4 5. Bg5 h6 6. Bxf6 Qxf6 7. Qa4+ Nc6 8.
Ne5 Bd7 9. Nxc6 Bxc3+ 10. bxc3 Bxc6 11. Qb4 dxc4 12. Qxc4 O-O-O 13. Qc5 Kb8 14.
e3 Rd5 15. Qc4 Rf5 16. Rb1 Bd5 17. Qe2 Be4 18. Rb2 c5 19. Qd2 Qh4 20. h3 Rc8
21. g3 Qf6 22. Rh2 cxd4 23. cxd4 Qe7 24. f4 Qa3 25. Bg2 Bxg2 26. Rxg2 Rc3 27.
Re2 Rd3 28. Qc1 Rc3 29. Qd2 Ra5 30. Rc2 Rd3 31. Qc1 Qxc1+ 32. Rxc1 Raa3 33. Kf2
Rdc3 34. Rb1 Kc7 35. g4 Kc6 36. h4 b5 37. h5 a5 38. g5 b4 39. gxh6 gxh6 40. Rg1
a4 41. Rg8 Kd5 42. Kf3 b3 43. axb3 Raxb3 44. Rd8+ Kc6 45. d5+ exd5 46. Rh8 a3
47. Rxh6+ Kb7 48. Rf6 $2 {[%mdl 8192] Übersieht den folgenden Donnerschlag.} (
48. Rd6 Rxe3+ 49. Rxe3 Rxe3+ 50. Kxe3 a2 51. Rd7+ $11) 48... Rxe3+ $3 {[%mdl
4160]} 49. Rxe3 Rxe3+ 50. Kxe3 a2 51. Rxf7+ Kb6 52. Rf6+ (52. Rd7 a1=Q 53. Rxd5
{war genauer, verliert aber ebenfalls.}) 52... Kb5 53. Rd6 a1=Q 54. Rxd5+ Kc4
55. Re5 Qf1 56. Re4+ Kc3 57. Re5 Qd3+ $6 (57... Qh3+ 58. Kf2 (58. Ke4 $4 Qd3#)
58... Kd4 {gewann schneller.}) 58. Kf2 Kd4 59. Kg2 Qb3 60. Re2 Qd5+ 61. Kg3
Qxh5 62. Re5 Qh1 63. Kg4 Qg2+ 64. Kh4 Kd3 65. Kh5 $6 (65. Re7 {war weit zäher.}
) 65... Qg3 66. Rf5 Ke4 67. Rf6 Qg7 68. Rg6 Qf7 0-1

[Event "CRO-ch"]
[Site "Zagreb"]
[Date "2004.11.18"]
[Round "3"]
[White "Kuljasevic, Davorin"]
[Black "Jovanic, Ognjen"]
[Result "1/2-1/2"]
[WhiteElo "2410"]
[BlackElo "2475"]
[Annotator "Mueller,Karsten"]
[PlyCount "109"]
[EventDate "2004.11.16"]
[EventType "tourn"]
[EventRounds "11"]
[EventCountry "CRO"]
[EventCategory "10"]
[SourceTitle "CBM 105"]
[Source "ChessBase"]
[SourceDate "2005.04.11"]
[SourceVersion "1"]
[SourceVersionDate "2005.04.11"]
[SourceQuality "1"]

1. d4 Nf6 2. Nf3 e6 3. c4 d5 4. Nc3 Bb4 5. cxd5 exd5 6. Bg5 h6 7. Bh4 g5 8. Bg3
Ne4 9. Nd2 Nxc3 10. bxc3 Bxc3 11. Rc1 Bb2 12. Bxc7 Qe7 13. Rc2 Bxd4 14. Nb3
Qb4+ 15. Qd2 Qxd2+ 16. Kxd2 Bf6 17. Bd6 Nc6 18. e4 dxe4 19. Bb5 Be7 20. Rxc6
bxc6 21. Bxc6+ Bd7 22. Bxa8 Bxd6 23. Bxe4 Ke7 24. Nd4 Bc5 25. Kc3 Rc8 26. Rd1
Bb6+ 27. Kb3 Kf6 28. Nc6 Be6+ 29. Kb2 Rc7 30. f3 Rd7 31. Rxd7 Bxd7 32. Kc3 h5
33. Kd3 h4 34. Bd5 Bg1 35. h3 Kf5 36. Ke2 Bc5 37. Na5 f6 38. Nc4 Kf4 39. Nd2
Bb6 40. Nc4 $2 (40. Bc4 {war zäher.}) 40... Bb5 {[%cal Gf6f5,Gg5g4,Gf4g3]
Diese Fesselung ist absolut fatal.} 41. Bf7 (41. Ke1 Kg3 $19) 41... Kg3 42. Kf1
Bc5 43. Bd5 f5 44. Be6 g4 45. hxg4 fxg4 46. fxg4 Bc6 47. Nd2 Bxg2+ 48. Ke2 h3
49. Nf1+ Kf4 50. Nh2 Bg1 51. g5 Kxg5 $2 {[%mdl 8192]} (51... Be4 $19) 52. Bxh3
$1 Bxh3 53. Nf3+ Kf4 54. Nxg1 Be6 55. a3 1/2-1/2

[Event "EU-chT (Men) 18th"]
[Site "Porto Carras"]
[Date "2011.11.08"]
[Round "6.4"]
[White "Postny, Evgeny"]
[Black "Moiseenko, Alexander"]
[Result "1-0"]
[WhiteElo "2640"]
[BlackElo "2715"]
[Annotator "Postny,E"]
[PlyCount "125"]
[EventDate "2011.11.03"]
[EventType "team-swiss"]
[EventRounds "9"]
[EventCountry "GRE"]
[SourceTitle "CBM 146"]
[Source "ChessBase"]
[SourceDate "2012.01.18"]
[SourceVersion "1"]
[SourceVersionDate "2012.01.18"]
[SourceQuality "1"]
[WhiteTeam "Israel"]
[BlackTeam "Ukraine"]
[WhiteTeamCountry "ISR"]
[BlackTeamCountry "UKR"]

1. d4 Nf6 2. Nf3 e6 3. c4 d5 4. Nc3 Bb4 5. Bg5 Nbd7 6. Qb3 c5 7. a3 {I guess
that the line that I chose to meet the Ragosin Defence came as a surprise to
my opponent. His reply took him quite a while.} Bxc3+ (7... dxc4 8. Qxc4 Bxc3+
9. Qxc3 h6 10. Bxf6 Qxf6 11. Rc1 b6 12. e3 a6 13. dxc5 bxc5 14. Nd2 Rb8 15. Nc4
Qxc3+ 16. Rxc3 Ke7 17. f3 Bb7 {+/=/= 0-1 Hammer,J (2647)-Efimenko,Z (2701)/
Wijk aan Zee 2011/Mega2011 Update 06 (78)}) (7... Qa5 8. Bd2 O-O 9. e3 Bxc3 10.
Bxc3 Qd8 11. Rd1 $14 {1-0 Roiz,M (2660)-Socko,B (2654)/Lublin 2011/CB20_2011 
(90)}) 8. Qxc3 h6 $146 {Quite a sensible novelty.} (8... dxc4 9. Qxc4 b5 $5 10.
Qc3 cxd4 11. Qxd4 O-O 12. e3 h6 13. Bh4 a6 14. Be2 $14 {1-0 Wilton,L (2136)
-Antonsen,M (2471)/Borup 2010/CBM 138 Extra (31)}) 9. Bxf6 (9. Bh4 $6 g5 10.
Bg3 Ne4 11. Qd3 Qa5+ 12. Nd2 f5 13. b4 cxb4 14. e3 b3 $1 15. cxd5 b6 $1 16. Rd1
Nxd2 17. Qxd2 Qxd5 $15) 9... Qxf6 10. cxd5 exd5 11. e3 (11. Qe3+ Qe7 12. Qxe7+
Kxe7 13. dxc5 Nxc5 {This endgame is completely equal.}) 11... O-O 12. Be2 (12.
Bb5 $6 c4 13. b3 Nc5 $1 14. bxc4 Ne4 15. Qb2 a6 16. Ba4 dxc4 $15) 12... b6 13.
O-O Bb7 14. Rfc1 $6 {This move is too passive. Obviously, White can claim only
a slight advantage here at best. For this purpose it is necessary to fight
against Black's pawn offensive on the queenside.} (14. a4 $1 {Now 14...c4
would be met by 15.b3 ruining Black's pawn chain.}) 14... c4 $1 {Of course.
Now Black is fine.} 15. a4 a6 16. Qb4 {It's true that I have a good blockade,
but I don't have an active plan.} Bc6 17. Ne1 b5 18. axb5 axb5 19. b3 (19. Nc2
{It would be nice to bring the knight to b4 and bishop to f3 hunting the Pd5,
but it doesn't really work.} Rfb8 20. Qd2 Ra4 $1 21. Nb4 Qd6 $15) 19... Qg6 20.
h3 Rfe8 21. Bf3 Nf8 {Transferring the knight to better pastures.} 22. bxc4 bxc4
{This passed pawn might become dangerous in some of the endgames.} 23. Rxa8
Rxa8 24. Qb6 $6 {I shouldn't allow his queen to occupy the fine square d6.} (
24. Bd1 {has a point, with an idea to place the bishop on c2 and the knight to
f3. The same manoeuvre I adopted in the game later. The position remains
balanced.}) 24... Qd6 25. Nc2 Rb8 26. Qa5 (26. Qc5 $2 Qxc5 27. dxc5 Ne6 28. Nd4
Ba8 $1 $17 {[%csl Rc5]}) 26... Rb3 $6 {This active square is only temporary
for the rook. It was more accurate to play 26...Ne6 immediately.} 27. Ra1 Ne6
28. Bd1 $1 {The bishop will be kicked away by ...Ne6-g5 anyway. It's also
useful to drive away Black's active rook.} Ng5 29. Ne1 Rb8 30. Bc2 g6 31. Qc3
Qe7 32. Ra6 Bb5 33. Ra5 Ne4 ({After} 33... Bc6 {it would be difficult to find
anything better than to repeat the position by} 34. Ra6 {It's true that Black
is not worse, so the decision to play for a win is understandable. However,
from the point of view of match strategy it would have been wise for Alexander
to repeat moves, as on 3rd board Eljanov was winning vs Smirin.}) 34. Qb2 Qe8
35. Qa3 (35. Bxe4 $2 {is met by the strong intermediate move} Bd7 $1 36. Qc2
Qxe4 37. Qxe4 dxe4 {The endgame is dangerous for White as the knight is very
clumsy here.}) 35... Ng5 (35... Qf8 36. Bxe4 Qxa3 37. Rxa3 dxe4 38. Nc2 Bc6 39.
Ra5 Rb2 40. Na3 c3 41. Rc5 Rb3 42. Rxc6 Rxa3 $11) 36. Ra7 Bc6 37. h4 Ne6 38.
Nf3 Ra8 $2 {This move is much worse than it looks at first glance.} ({Now it
was necessary to play} 38... Qf8 $1 39. Rxf7) 39. Ne5 {Now I force him to take
and my queen is becoming very active.} Rxa7 40. Qxa7 h5 41. Qb6 {The first
time-trouble finished, and I quickly realised that I have an overwhelming
advantage.} Ba8 42. Qa6 $1 {[%mdl 2048] Creating a sort of a domination. Black
is completely tied down and every legal move would be a concession.} Nf8 (42...
Kg7 43. Qa7 {[%csl Rf7,Rg6]} Kg8 44. Ba4 Qf8 45. Nxf7 Qxf7 46. Qxa8+ $18) 43.
Ba4 Qb8 44. Qf6 Qb1+ 45. Bd1 $6 {I was pretty sure this move is the best one,
but, in fact it only creates unnecessary complications.} (45. Kh2 Qf5 46. Qd8
Kg7 (46... Qxf2 $2 47. Nd7 $18) 47. Qxa8 Qxf2 48. Nf3 $18 {I didn't see this
simple move, and therefore rejected 45.Kh2.}) 45... Qb7 46. g4 $1 hxg4 47. Nxg4
Nd7 48. Qd8+ Kg7 49. Bc2 $6 {I had the strong feeling that 49.Ba4 must win,
but, since I didn't see a clear-cut mating line, I decided to play it safe.
The score in the match at this moment was 2-1 in favour of Ukraine, so I was
obliged not to spoil my winning position to level the match.} (49. Ba4 c3 (
49... Qb1+ 50. Kg2 (50. Kh2 $4 Qb8+ 51. Qxb8 Nxb8 $15) 50... Qe4+ 51. Kg3 $18)
50. Bxd7 c2 51. Qf6+ Kg8 52. Nh6+ Kh7 53. Qd8 $1 {I didn't see this nice idea.}
c1=Q+ 54. Kg2 {In this picturesque position Black's couple of queens can't
save him from mate.}) 49... Qc6 50. h5 gxh5 51. Qg5+ Kf8 52. Qd8+ Kg7 53. Qg5+
Kf8 54. Nh6 {Of course, I shouldn't spend a move on capturing the Ph5, direct
attack against the king decides.} Nf6 55. Nf5 Ne8 (55... Ke8 56. e4 $1 (56. Ba4
$2 Qxa4 57. Qxf6 Kd7 {is not so convincing.}) 56... dxe4 (56... Kd7 57. e5 $18)
57. Bxe4 Qa6 58. Bxa8 $18) 56. Qe7+ Kg8 57. Qg5+ Kf8 58. Qe7+ Kg8 59. Qd8 Kf8
60. Kf1 $1 {The last precise move. The immediate 60.Ba4 is met by 60...Qg6
check! So, it's necessary to move the king out.} Bb7 (60... c3 61. Ba4 $1 c2
62. Bxc2 $18) {[%tqu "En","White si winning by force. How?","","","c2a4","Now
it works.",10]} 61. Ba4 $1 {Now it works.} Qe6 (61... Qxa4 62. Qe7+ Kg8 63.
Qg5+ Kf8 64. Qh6+ Kg8 65. Ne7#) 62. Bxe8 Qxe8 63. Qf6 1-0

[Event "Match/Nation FRA-BUL 31-41"]
[Site "St Maxime"]
[Date "1984.10.??"]
[Round "7"]
[White "Giffard, Nicolas"]
[Black "Padevsky, Nikola Bochev"]
[Result "1-0"]
[WhiteElo "2340"]
[BlackElo "2460"]
[Annotator "Primel,D"]
[PlyCount "69"]
[EventDate "1984.10.10"]
[EventType "team-schev"]
[EventRounds "12"]
[EventCountry "FRA"]
[SourceTitle "EXT 2018"]
[Source "ChessBase"]
[SourceDate "2017.10.13"]
[SourceVersion "1"]
[SourceVersionDate "2017.10.13"]
[SourceQuality "1"]
[WhiteTeam "France"]
[BlackTeam "Bulgaria"]
[WhiteTeamCountry "FRA"]
[BlackTeamCountry "BUL"]

1. d4 Nf6 2. c4 e6 3. Nc3 d5 4. Nf3 Bb4 5. Qa4+ Nc6 6. e3 O-O 7. Bd2 dxc4 $146
(7... a6 8. Qc2 dxc4 9. Bxc4 Bd6 10. a3 e5 11. d5 Ne7 12. h3 b5 13. Ba2 Qd7 14.
e4 a5 15. O-O b4 16. axb4 axb4 17. Ne2 Qa4 18. Bb3 Qxa1 19. Rxa1 Rxa1+ 20. Nc1
h6 21. Ne1 Bd7 22. Qd3 Rb8 23. Be3 Ng6 24. Kh2 Nf4 25. Qc4 g5 26. f3 Kg7 27.
Ned3 N4xd5 28. exd5 e4+ 29. g3 exd3 30. Nxd3 Re8 31. Qd4 Bf5 32. Nf2 Re1 33.
Bd2 R1e2 34. Kg2 Bc5 35. Qxc5 Rxd2 36. Bc4 Rxb2 37. d6 {Reshevsky,S-Ragozin,V
Semmering 1937 1/2-1/2 (62)}) 8. Bxc4 Bd6 9. a3 e5 10. d5 Ne7 11. e4 Ng6 12. h3
Nh5 13. Be3 h6 14. O-O-O f5 15. exf5 Bxf5 16. g4 Bd7 17. Qc2 Nhf4 18. Rdg1 $1
Nh4 19. Nxh4 Qxh4 20. Ne4 Qe7 21. h4 Kh8 22. h5 Qe8 23. Ba2 Ba4 24. Qd2 {
[%cal Ge3h6]} Bb5 25. Nc3 e4 26. g5 Bd3 27. gxh6 gxh6 28. Rg4 Qe5 29. Rhh4 $40
Be7 30. Rxf4 Bxh4 31. Rxh4 Rg8 32. b4 Rg1+ 33. Kb2 a5 34. Rxe4 axb4 35. Rxe5
1-0

[Event "FRA-chT Top 16 Gp Basse"]
[Site "Guingamp"]
[Date "2010.06.06"]
[Round "11.3"]
[White "Doettling, Fabian"]
[Black "Lazarev, Vladimir"]
[Result "1-0"]
[WhiteElo "2571"]
[BlackElo "2463"]
[Annotator "Primel,D"]
[PlyCount "93"]
[EventDate "2010.06.03"]
[EventType "team-tourn"]
[EventRounds "11"]
[EventCountry "FRA"]
[SourceTitle "EXT 2011"]
[Source "ChessBase"]
[SourceDate "2010.11.26"]
[SourceVersion "1"]
[SourceVersionDate "2010.11.26"]
[SourceQuality "1"]
[WhiteTeam "Strasbourg"]
[BlackTeam "Drancy"]
[WhiteTeamCountry "FRA"]
[BlackTeamCountry "FRA"]

1. d4 Nf6 2. Nf3 d5 3. c4 e6 4. Nc3 Bb4 {Souvent joué par KRAMNIK au dernier
tournoi Amber rapid} 5. Bg5 h6 6. Bxf6 Qxf6 7. e3 O-O 8. Qb3 c5 9. cxd5 exd5
10. dxc5 Bxc3+ 11. Qxc3 Qxc3+ 12. bxc3 Be6 13. Bb5 Rc8 14. Kd2 Rxc5 15. Nd4 Rc7
16. Rhb1 Nd7 $146 ({RR} 16... Nc6 17. Bxc6 ({RR} 17. Nxe6 fxe6 18. c4) ({RR} 
17. Nxc6 bxc6 18. Ba6 Kf8) 17... bxc6 18. Rb2 ({RR} 18. c4 c5 ({RR} 18... dxc4
19. Nxe6 fxe6 20. Kc3) 19. Nxe6 fxe6) 18... c5 19. Nxe6 fxe6 20. Rab1 ({RR} 20.
c4 Kf7) 20... Kf7 21. Rb7 Rac8 22. c4 Ke7 ({RR} 22... dxc4 23. Kc3) 23. cxd5
exd5 24. h4 Kd6 25. h5 Rf8 ({RR} 25... Rxb7 26. Rxb7 Rc7) 26. f4 Re8 27. R1b5
Rce7 ({RR} 27... Rxb7 28. Rxb7 Re7 29. Rxe7 Kxe7 30. g4) 28. Rxe7 Rxe7 29. Ra5
Kc6 ({RR} 29... c4) 30. a4 ({RR} 30. Ra6+ Kb5 31. Rg6 Kc4 32. g4 Rb7 33. Kc2)
30... c4 31. g4 {Vaganian,R (2640)-Goldin,A (2620)/Mallorca 2004/CBM 104/
[Ribli]/1/2-1/2 (38)}) 17. Bxd7 $1 {[%csl Gd2,Rg8] Le N va dominer le mauvais
B. Avec l'avance de développement et l'initiative а l'aile-dame, les blancs
ont des trés bonnes chances de gain.} Bxd7 18. a4 $1 {Gagnant de l'espace et
les noirs ne peuvent pas empêcher a4a5 mettant "b7" sous pression} Kf8 (18...
Re8 $6 19. Nb5 $1 {[%csl Ra7] Force des nouveaux affaiblissements} Bxb5 20.
axb5 b6 21. Rb4 $36 {[%csl Ra7][%cal Gb4a4]}) 19. a5 {[%csl Rb7]} Ke7 20. Rb4
$1 {[%csl Rb7][%cal Ga1b1]} Kd8 {[%csl Ra8] Les noirs choisissent de protéger
la faiblesse "b7" avec le K mais quid de la Ra8?} (20... Rb8 {[%csl Rb8]}) 21.
h4 g5 22. hxg5 hxg5 23. Rab1 (23. Rh1 $5 {[%csl Ra8,Rd8,Rf7,Rg5][%cal Gh1h8]})
23... Rc5 24. Nb3 $1 Rc7 25. Rd4 $1 {[%csl Rd5]} Rac8 {les noirs ont réussi а
sortir la 02ème R mais ils sont encore loin de l'égalité.} 26. Rxd5 Rxc3 27.
Rxg5 Rc2+ 28. Ke1 Ke7 29. Nd4 {[%csl Rb7,Gd4][%cal Gb1b7]} Rc1+ 30. Rxc1 Rxc1+
31. Kd2 Ra1 32. e4 $16 {[%csl Gf5][%cal Gf2f4] la finale est trés bonne pour
les blancs qui ont une majorité plus facile а mobiliser} Ra2+ 33. Ke3 b6 $6 {
les blancs n'auront plus а défendre le P"a5" et la R pourra jouer un role plus
actif} 34. axb6 axb6 35. Rg8 $1 {[%csl Rb6][%cal Gg8b8]} Ra3+ 36. Kf4 Ra4 37.
Nf5+ Kf6 (37... Bxf5 $142 $5 38. Kxf5 b5 (38... Ra2 39. f4 {[%cal Ge4e5]}) 39.
e5 {[%csl Gd6,Re7,Gf6]} b4 40. Rb8 (40. f4) 40... Ra2 41. f4 Rxg2 42. Rxb4 {
Les noirs ont des meilleures chances d'annuler d'annuler cette finale de R que
dans la partie même si les blancs sont nettement mieux}) 38. g4 (38. Ne3 $5 {
[%cal Ge3g2,Ge3d5]}) 38... Bxf5 $6 {Semble moins bon qu'au coup précédent} 39.
gxf5 {[%csl Rf6][%cal Ge4e5]} Rb4 (39... Rc4 {[%cal Gb6b5]} 40. Rb8) 40. f3 {
[%cal Gf4e3,Gf3f4,Ge4e5]} Ke7 41. Kg5 Rb1 (41... Rb3 42. f6+) 42. f6+ $1 {
[%csl Re7,Rf7]} Kd7 43. Kf5 $18 Rh1 44. e5 b5 $2 (44... Rh5+ 45. Ke4 {[%cal
Gf3f4,Ge4d5]}) 45. e6+ fxe6+ 46. Ke4 Rh4+ 47. Ke3 {[%mdl 4096] Une belle leçon
de technique de la part des blancs} 1-0

[Event "Rohde op 10th"]
[Site "Sautron"]
[Date "2010.10.27"]
[Round "6"]
[White "Ivanov, Jordan"]
[Black "Pap, Gyula"]
[Result "0-1"]
[WhiteElo "2437"]
[BlackElo "2519"]
[Annotator "Primel,D"]
[PlyCount "112"]
[EventDate "2010.10.23"]
[EventType "swiss"]
[EventRounds "9"]
[EventCountry "FRA"]
[SourceTitle "EXT 2012"]
[Source "ChessBase"]
[SourceDate "2011.11.24"]
[SourceVersion "1"]
[SourceVersionDate "2011.11.24"]
[SourceQuality "1"]

1. d4 Nf6 2. c4 e6 3. Nf3 d5 4. Nc3 Bb4 5. Bg5 Nbd7 6. cxd5 exd5 7. e3 c5 $1 (
7... c6 $143) 8. Qc2 (8. Bd3) 8... Qa5 {Le thème important dans cette variante
Ragozin} 9. Bd3 c4 $5 10. Bf5 O-O (10... g6 $143 11. Bxd7+ Nxd7 12. Bh6 $14 {
[%csl Re8][%cal Ge1g1,Ge3e4]}) 11. O-O Re8 {[%csl Ge4]} 12. Nd2 {[%cal Ge3e4,
Gd2c4]} g6 {Un affaiblissement de l'aile-roi non négligeable mais les Noirs
ont l'option de contôler les cases noires par Bf8} 13. Bh3 Kg7 14. a3 $5 {
L'autre plan est de préparer la percée centrale "e4" mais l'échange du Bb4
risque de laisser les Noirs avec un mauvais B} (14. Rae1 $5 {[%cal Ge3e4];
Aronian,L (2783)-Grischuk,A (2760) Moscow Tal Memorial 5th 2010 (8) 1/2}) 14...
Bxc3 15. Qxc3 (15. bxc3 Ne4 16. Nxe4 dxe4 17. Bf4 {[%csl Gf4]} Nb6 {[%cal
Gb6d5,Gc8h3]} 18. Bxc8 Raxc8 19. f3 (19. Rfb1 Re7 20. Be5+ f6 21. Bd6 Re6 22.
Bc5 (22. Bb4)) (19. Rab1 Re7 (19... Qxa3 20. Ra1 {[%csl Ra7]}) 20. f3 exf3 21.
Rxf3 $14 {[%csl Rf6,Rg7][%cal Gf4e5]} (21. gxf3 $2 Nd5)) 19... Nd5 $132 {
[%csl Gd5]} 20. fxe4 Qxc3) 15... Qxc3 16. bxc3 h6 17. Bxf6+ (17. Bf4) 17...
Nxf6 18. Bxc8 Raxc8 19. Rfb1 $5 {[%cal Ga3a4]} (19. Rab1 Re7 (19... b6 20. a4)
20. Rb5) 19... Re7 {[%cal Ge7b7]} (19... b6 $143 20. a4 $1 {[%cal Ga4a5]}) 20.
Kf1 $146 (20. Rb5 Rc6 21. a4 a6 22. Rb4 Ne8 23. Rab1 Nd6 24. Rb6 Rxb6 25. Rxb6
Nc8 26. Rb4 f5 27. Kf1 Nd6 28. Rb6 Nc8 29. Rb4 b6 30. Ke2 Rb7 31. f3 Nd6 32. e4
fxe4 33. fxe4 a5 34. Rb1 dxe4 {Bakre,T (2452)-Koneru,H (2612)/Mumbai 2009/CBM
130 Extra/1/2-1/2 (55)}) 20... Rc6 21. a4 a6 22. Rb4 Ne8 23. Rab1 Nd6 24. Rb6
Rec7 25. f3 f5 26. Kf2 {(=)} Rxb6 {Refuse la proposition de nulle mais la
position est égale} 27. Rxb6 Rc6 28. Rb4 (28. Rxc6 $5 bxc6 29. e4) 28... b5 29.
axb5 axb5 30. e4 fxe4 31. fxe4 dxe4 32. Ke3 Rc8 33. g4 Re8 34. Rb1 Kf6 35. h4 (
35. Ra1 {[%csl Rd6][%cal Ga1a6,Ga6f6]}) 35... Ke6 36. Rf1 Kd5 $17 {[%csl Gd5]}
37. Rf6 b4 $1 38. cxb4 $2 (38. Nb1) 38... c3 39. Nb3 Nc4+ 40. Ke2 Ra8 41. h5
Ra2+ 42. Ke1 gxh5 43. Rf5+ Kd6 44. Rxh5 Nd2 45. Ra5 $2 (45. Rxh6+) 45... Nf3+
46. Kd1 Rg2 $19 47. Rf5 Rb2 48. Nc5 Nxd4 49. Nxe4+ Ke6 50. Nxc3 Nxf5 51. gxf5+
Kxf5 52. Ke1 Kf4 53. Kf1 Kf3 54. Kg1 Rxb4 55. Nd5 Rb2 56. Nf6 Rd2 0-1